Vista normal
Vista MARC
Entrada Nombre personal
Número de registros utilizados en: 6
001 - NÚMERO DE CONTROL
- campo de control: 24829
003 - IDENTIFICADOR DEL NÚMERO DE CONTROL
- campo de control: BNPHU
005 - FECHA Y HORA DE LA ÚLTIMA TRANSACCIÓN
- campo de control: 20240228132448.0
008 - DATOS DE LONGITUD FIJA
- campo de control de longitud fija: 200615|| aca||aabn | a|a d
040 ## - FUENTE DE LA CATALOGACIÓN
- Centro catalogador/agencia de origen: DO-SdBNP
- Lengua de catalogación: spa
- Centro/agencia transcriptor: BNPHU
- Normas de descripción: rda
100 1# - ENCABEZAMIENTO-NOMBRE DE PERSONA
- Nombre de persona: Cruz Mieses, Santiago de la
373 ## - GRUPO ASOCIADO
- Grupo asociado: Universidad Autónoma de Santo Domingo
374 ## - OCUPACIÓN
- Ocupación: Autor
- Ocupación: Profesor universitario
375 ## - GÉNERO/SEXO
- Género/Sexo: Masculino
377 ## - LENGUA/LENGUAJE ASOCIADO
- Código del idioma: spa
400 1# - TRAZADO DE VÉASE--NOMBRE DE PERSONA
- Nombre de persona: Mieses, Santiago de la Cruz
400 1# - TRAZADO DE VÉASE--NOMBRE DE PERSONA
- Nombre de persona: La Cruz Mieses, Santiago de
400 1# - TRAZADO DE VÉASE--NOMBRE DE PERSONA
- Nombre de persona: De la Cruz Mieses, Santiago
670 ## - FUENTE DE DATOS ENCONTRADOS
- Cita de la fuente: Work cat.: (OSt)9655: Cruz Mieses, Santiago de la, Cantos de media isla : poemas ;, 2000.
670 ## - FUENTE DE DATOS ENCONTRADOS
- Cita de la fuente: Cruz Mieses, Santiago de la. Los intríngulis ; Síntesis del mundo, 2001
